| 000 | 01216nam a22001817a 4500 | ||
|---|---|---|---|
| 999 |
_c60361 _d60361 |
||
| 003 | Ge_BSU | ||
| 005 | 20230703172557.0 | ||
| 008 | 230703s1941ge xxu||||| |||| 00| 0 geo d | ||
| 041 | _ageo | ||
| 080 | _a94(479.22)(093) გ-34 | ||
| 245 |
_aგეორგიკა. : _bბიზანტიელი მწერლების ცნობები საქართველოს შესახებ : ტ. 4. ნაკვ.1 / _c ბერძნული ტექსტი ქართული თარგმანითურთ გამოსცა და განმარტებები დაურთო სიმონ ყაუხჩიშვილმა. |
||
| 264 |
_aთბილისი, _c1941. |
||
| 300 |
_a 120 გვ.: _b20 სმ. |
||
| 600 |
_aყაუხჩიშვილი, სიმონ _qმთარგმნელი _919159 |
||
| 653 | _aსაქართველოს ისტორია | ბიზანტიელ მწერალთა ცნობები | ისტორიული | ||
| 856 |
_uhttp://dspace.gela.org.ge/bitstream/123456789/7420/1/Georgika%20t.4-1941.pdf _yელექტრონული ვერსია |
||
| 942 |
_2udc _cBK |
||